00961nam a2200265 i 450000100060000000300090000600500170001500700030003200800410003502000180007608000120009410000320010624501330013826000610027130000270033249000280035950000110038750400310039865000270042970000310045683000360048785200330052399900170055695201220057313719ES-MaACL20230906150641.0t|980610s1988 xxu ||||1| eng d a0-300-04745-2 a613.8851 aFriedman, Richard C.95263810aMale homosexuality b: a contemporary psychoanalytic perspective /cRichard C. Friedman ; with a foreword by Roger A. MacKinnon. aNew Haven [etc.] : bYale University Press, ccop. 1988. aXVI, 296 p. ; c24 cm.1 aPsychology. Gay studies 3Indice aBibliografía: p.275-288.14aHomosexualidad.9134691 aMacKinnon, Roger A.9752600 aPsychology. Gay studies9228450 aES-MaACLjL-21049 bR.118583 c13719d13719 00104070aATENEOMbATENEOMcDEPO2d2008-01-17eSCl0oL-21049p1013963r2023-02-23 00:00:00w2023-02-23yMONOGRAFIA